000 01000nam a22003137a 4500
001 BR0402117
003 BR-BrBNA
005 20230928101606.0
007 ta
008 230509b bl.||||| |||| 00| 0 por d
040 _aBR-BrBNA
_bpor
_cBiblioteca Nacional de Agricultura
041 _a(Por)
072 _aF03
_b3290
_b3575
090 _ 3290 BR0402117
100 1 _aBarduche, D.
110 1 _aUniversidade Federal de Lavras, MG (Brasil)
_0Tese (Mestrado)
245 1 _aControle da mobilização de proteínas pelo ABA e GA3 em sementes de angico vermelho [Anadenanthera peregrina (L.)Speg]durante a germinação
260 3 _aLavras, MG (Brasil):
_c1996.
300 _a55 p.
500 _aSummaries (Eng, Por); Bibliography p. 49-55; 10 illus.
650 _aANGICO VERMELHO
650 _aSEMENTE
650 _aGERMINAÇÃO
650 _aREGULADOR DE CRESCIMENTO
650 _aÁCIDO GIBERÉLICO
650 _aELETROFORESE
909 _a202309
_bLucia
_c55
_dLucia Elande
942 _cBK
999 _c66591
_d66591